000 00421pab a2200169 454500
008 180718b2008 xxu||||| |||| 00| 0 eng d
100 _aBardhan, A.B.
245 _aLeft must do its utmost to protect parliamentary democracy
260 _c2008
300 _ap.20-22.
362 _a16 Aug
650 _aIndia - Politics
650 _aPolitics and government
773 _aMainstream
908 _aN
909 _a79218
999 _c79218
_d79218